00323nam a2200133Ia 4500003000400000005001700004008004100021040000900062082001700071100001900088245003900107260003400146300000900180OSt20200702100004.0190216s9999||||xx |||||||||||||| ||und|| coclc a915.4bCHA/T aChavarria, O L 0aTraditional India /cO L Chavarria bPrentice Hall Pvt Ltd,c1964. a153p